Keramická sbírka Hugo Vavrečky

Enregistré dans:
Détails bibliographiques
Auteur principal: Kybalová, Jana (Auteur)
Format: Livre
Publié: Praha : Kentaur, 1995
Sujets:
Tags: Ajouter un tag
Pas de tags, Soyez le premier à ajouter un tag!

MARC

LEADER 00000nam a22000003a 4500
001 stu123195
005 20150617225904.7
008 060713s1995----------------------------d
020 |a 80-85285-70-3 
040 |a STU  |b slo 
041 0
100 1 |a Kybalová, Jana  |4 aut 
245 1 |a Keramická sbírka Hugo Vavrečky 
260 |a Praha :  |b Kentaur,  |c 1995 
300 |a 198 s 
650 7 |a Vavrečka Hugo  |2 stusub 
650 7 |a úžitkové umenie  |2 stusub 
650 7 |a remeslá  |2 stusub 
996 |b 284AU02532  |c A*4773 U  |l AAKNAR  |s A  |a 24  |w stu123195_0001